000 00299nam a22001337a 4500
008 170511b xxu||||| |||| 00| 0 eng d
020 _a9780131705074
041 _aeng
080 _a343.9
100 _a15
101 _aSHJ
245 _aTHE CRIMINAL JUSTICE SYSTEM
_cBURNS, R.G
942 _2udc
_cBK
999 _c13194
_d13194